Gazo - définition de la drill - Statistiques

Statistiques générales
  • Ce quiz a été pris 291 fois
  • Le résultat moyen est 31 sur 52
Statistiques - réponses
Réponse % Correct
tu
91%
tu
91%
tu
91%
tu
91%
ce
90%
Drill
88%
drill
88%
vois
87%
vois
87%
vois
87%
vois
87%
La
86%
la
86%
c'est
81%
de
77%
de
77%
un
77%
un
77%
dénonce
68%
dénonce
68%
musique
67%
genre
66%
qui
66%
qui
66%
qui
66%
dire
60%
dire
60%
dire
60%
j'veux
54%
j'veux
54%
j'veux
54%
c'que
49%
c'que
49%
c'que
49%
pas
46%
les
42%
les
42%
les
42%
les...
42%
les
42%
ou
39%
peu
37%
En
35%
base
29%
se
28%
dans
24%
passe
22%
voilà
20%
ghettos
19%
gros
19%
sociétés
18%
tout
16%
Aucun quiz correspondant
Distribution des résultats
% des personnes avec chaque résultat
Percentile par nombre de réponses
Votre historique - résultats
Vous n’avez pas pris ce quiz